| 000 | 00427cam a22001097a 4500 | ||
|---|---|---|---|
| 008 | 180718b1985 xxu||||| |||| 00| 0 eng d | ||
| 082 | _aY42 F739t | ||
| 245 |
_aTree growing by rural people _cby Food and Agriculture Organization of the United Nations |
||
| 260 |
_aItaly _bFood and Agriculture Organization of the United Nations _c1985 |
||
| 300 | _a130+p. | ||
| 700 | _aItaly. Food and Agriculture Organization of the United Nations | ||
| 999 |
_c499210 _d499210 |
||